[Event "Ceske sachove vanoce 2009"]
[Site "Litomysl (CZE)"]
[Date "2009.12.27"]
[Round "2.14"]
[White "Sodoma, Jan"]
[Black "Olsarova, Tereza"]
[Result "1-0"]
[WhiteElo "2355"]
[BlackElo "2164"]
[PlyCount "105"]
[EventDate "2009.12.26"]

1. d4 c5 2. d5 Nf6 3. Nc3 d6 4. e4 g6 5. h3 Bg7 6. Nf3 O-O 7. Bd3 b6 8. O-O Ba6
9. Re1 Bxd3 10. Qxd3 Nbd7 11. Nd1 Ne5 12. Nxe5 dxe5 13. Bg5 Ne8 14. c4 Nd6 15.
Nc3 a6 16. a4 Rb8 17. b3 Qd7 18. Rac1 f5 19. exf5 gxf5 20. Qg3 Nf7 21. Rcd1 Kh8
22. Qh4 Nxg5 23. Qxg5 Qd6 24. Ne2 Rbe8 25. Ng3 Qg6 26. h4 Kg8 27. d6 exd6 28.
Qxg6 hxg6 29. Rxd6 Rf6 30. Rd7 Rfe6 31. h5 f4 32. Ne4 gxh5 33. f3 Bf6 34. Red1
Be7 35. Ra7 a5 36. Rdd7 Kf8 37. Nc3 Rd8 38. Rxd8+ Bxd8 39. Rh7 h4 40. Rh8+ Ke7
41. Rxh4 Kd7 42. Rh7+ Re7 43. Rh5 Re6 44. Kf2 Kc6 45. Rh8 Bc7 46. Rg8 Rh6 47.
Nd5 Bd6 48. Kg1 Kb7 49. Rg7+ Kc6 50. Nc3 Re6 51. Nb5 Re7 52. Rg6 Rd7 53. Kf1
1-0

[Event "Ceske sachove vanoce 2009"]
[Site "Litomysl (CZE)"]
[Date "2009.12.27"]
[Round "2.15"]
[White "Pilch, Roman"]
[Black "Cerveny, Martin"]
[Result "1/2-1/2"]
[WhiteElo "2170"]
[BlackElo "2353"]
[PlyCount "125"]
[EventDate "2009.12.26"]

1. d4 d5 2. c4 c6 3. Nc3 Nf6 4. Nf3 dxc4 5. a4 Bf5 6. e3 e6 7. Bxc4 Bb4 8. O-O
O-O 9. Qe2 Bg4 10. h3 Bh5 11. Rd1 Nbd7 12. e4 Bxf3 13. Qxf3 e5 14. d5 Bxc3 15.
bxc3 cxd5 16. Bxd5 Nxd5 17. Rxd5 Qc7 18. Ba3 Rfe8 19. Rad1 Nf6 20. Rc5 Qb6 21.
Rb5 Qa6 22. Bd6 Qxa4 23. Rxe5 Rxe5 24. Bxe5 Qxe4 25. Qg3 Nh5 26. Qg5 f6 27.
Qxh5 Qxe5 28. Qf3 Qe7 29. Qd5+ Kf8 30. Qf5 g6 31. Qb5 a6 32. Qb6 Rc8 33. Rd6
Kg7 34. Qd4 Qe1+ 35. Kh2 Qe5+ 36. Qxe5 fxe5 37. Rd7+ Kh6 38. Rxb7 Rxc3 39. Ra7
Ra3 40. h4 g5 41. hxg5+ Kg6 42. Re7 Kf5 43. f3 a5 44. Rxh7 Kxg5 45. Rf7 Ra2 46.
Kg3 a4 47. Rf8 Ra3 48. Kf2 Ra2+ 49. Kg3 Rb2 50. Ra8 Rb4 51. Ra6 Kf5 52. Kf2
Rb2+ 53. Kg3 Ra2 54. Rb6 a3 55. Ra6 Kg5 56. Ra5 Kf6 57. Ra6+ Kf5 58. Rc6 Rb2
59. Ra6 a2 60. Ra4 Ke6 61. Kh3 Kd5 62. g4 Ke6 63. Kg3 1/2-1/2

[Event "Ceske sachove vanoce 2009"]
[Site "Litomysl (CZE)"]
[Date "2009.12.27"]
[Round "2.17"]
[White "Schaefer, Reyk"]
[Black "Sabol, Marian"]
[Result "0-1"]
[WhiteElo "2155"]
[BlackElo "2343"]
[PlyCount "64"]
[EventDate "2009.12.26"]

1. d4 Nf6 2. Nf3 c5 3. g3 cxd4 4. Nxd4 e5 5. Nb3 d5 6. Bg2 h6 7. O-O Nc6 8. Nc3
Be6 9. Na4 Be7 10. Nac5 Bc8 11. e4 d4 12. f4 O-O 13. Nd3 exf4 14. Bxf4 a5 15.
Ne5 a4 16. Nxc6 bxc6 17. Nxd4 Qb6 18. e5 Bg4 19. Qd2 Rad8 20. c3 c5 21. Bxh6
cxd4 22. Qg5 dxc3+ 23. Kh1 Nh5 24. Qxg4 cxb2 25. Bxg7 Qg6 26. Qxg6 fxg6 27.
Rab1 Kxg7 28. Rxb2 Nxg3+ 29. hxg3 Rh8+ 30. Bh3 Rxh3+ 31. Kg2 Rh5 32. e6 Rf5 0-1

[Event "Ceske sachove vanoce 2009"]
[Site "Litomysl (CZE)"]
[Date "2009.12.27"]
[Round "2.18"]
[White "Heinzel, Olaf"]
[Black "Duchrow, Oliver"]
[Result "1-0"]
[WhiteElo "2332"]
[BlackElo "2152"]
[PlyCount "89"]
[EventDate "2009.12.26"]

1. d4 f5 2. g3 Nf6 3. Bg2 g6 4. Nf3 Bg7 5. O-O O-O 6. c4 d6 7. Nc3 a5 8. d5 Na6
9. Be3 Ng4 10. Bd4 Ne5 11. Ne1 f4 12. gxf4 Rxf4 13. e3 Rf7 14. b3 Qf8 15. Ne4
c5 16. dxc6 Nxc6 17. Bxg7 Qxg7 18. f4 Nc7 19. Nf3 Rf8 20. Qd2 a4 21. b4 a3 22.
Rab1 Be6 23. Rfc1 Kh8 24. Nfg5 Bg8 25. b5 Na5 26. b6 Na6 27. Qxa5 h6 28. Nh3 g5
29. fxg5 Nc5 30. Qc3 e5 31. gxh6 Qg4 32. Nxc5 dxc5 33. Qxe5+ Kh7 34. Qxc5 Be6
35. Ng5+ Kxh6 36. Nxe6 Qxe6 37. Qd4 Rf6 38. Rb5 Rg6 39. Qf4+ Kg7 40. Qe5+ Qxe5
41. Rxe5 Rxb6 42. Re7+ Kf6 43. Rxb7 Rb2 44. Rxb2 axb2 45. Rf1+ 1-0

[Event "Ceske sachove vanoce 2009"]
[Site "Litomysl (CZE)"]
[Date "2009.12.27"]
[Round "2.19"]
[White "Ponizil, Cyril"]
[Black "Cuhra, Martin"]
[Result "1/2-1/2"]
[WhiteElo "2304"]
[BlackElo "2141"]
[PlyCount "45"]
[EventDate "2009.12.26"]

1. e4 e5 2. f4 exf4 3. Bc4 d5 4. Bxd5 Nf6 5. Nc3 Bb4 6. Nf3 Bxc3 7. dxc3 c6 8.
Bc4 Qxd1+ 9. Kxd1 O-O 10. Bxf4 Nxe4 11. Re1 Nc5 12. Ng5 Ne6 13. Nxe6 Bxe6 14.
Bxe6 fxe6 15. Bg3 Kf7 16. Rf1+ Kg8 17. Ke2 Nd7 18. a4 Rf5 19. Rad1 Nf6 20. Bh4
Rf8 21. Rxf5 exf5 22. Bxf6 Rxf6 23. Rd8+ 1/2-1/2

[Event "Ceske sachove vanoce 2009"]
[Site "Litomysl (CZE)"]
[Date "2009.12.28"]
[Round "3.1"]
[White "Heberla, Bartolomiej"]
[Black "Sodoma, Jan"]
[Result "1-0"]
[WhiteElo "2515"]
[BlackElo "2355"]
[PlyCount "67"]
[EventDate "2009.12.26"]

1. c4 e5 2. g3 Nc6 3. Bg2 Nf6 4. Nf3 d6 5. d4 exd4 6. Nxd4 Bd7 7. Nc2 g6 8. b3
Bg7 9. Bb2 O-O 10. O-O Qc8 11. Re1 Bh3 12. Bh1 Re8 13. Nc3 Qf5 14. Qd2 Ng4 15.
e3 Nce5 16. Re2 Nf3+ 17. Bxf3 Qxf3 18. Ne1 Qf5 19. Nd5 Rac8 20. Bxg7 Kxg7 21.
Nf4 Ne5 22. f3 h5 23. Qd4 c5 24. Qc3 f6 25. Rd1 Rc6 26. Red2 Rd8 27. Qa5 Rd7
28. e4 Nxf3+ 29. Nxf3 Qxe4 30. Nxh3 Qxf3 31. Rd3 Qg4 32. Nf2 Qf5 33. Re1 g5 34.
Qc3 1-0

[Event "Ceske sachove vanoce 2009"]
[Site "Litomysl (CZE)"]
[Date "2009.12.28"]
[Round "3.2"]
[White "Sabol, Marian"]
[Black "Simacek, Pavel"]
[Result "1/2-1/2"]
[WhiteElo "2343"]
[BlackElo "2513"]
[PlyCount "80"]
[EventDate "2009.12.26"]

1. d4 c5 2. Nf3 cxd4 3. Nxd4 d5 4. g3 e5 5. Nb3 Nc6 6. Bg2 Be6 7. O-O h6 8. Nc3
Nf6 9. Na4 Be7 10. Nac5 Bc8 11. e4 dxe4 12. Qxd8+ Bxd8 13. Nxe4 Nxe4 14. Bxe4
Bb6 15. Re1 f6 16. Be3 Bh3 17. Rad1 Rd8 18. Bc5 Kf7 19. f4 Rxd1 20. Rxd1 exf4
21. Bxb6 axb6 22. gxf4 Re8 23. Re1 Rd8 24. Kf2 Be6 25. Bf3 f5 26. c3 Ra8 27.
Bxc6 Bxb3 28. Bxb7 Rxa2 29. Re2 Ra4 30. Ke3 g5 31. Rf2 Kf6 32. h4 g4 33. Rd2
Ke7 34. Rd4 Rxd4 35. Kxd4 Kd6 36. Ke3 Kc5 37. Ba6 Bc2 38. b4+ Kd5 39. Bf1 Be4
40. c4+ Kd6 1/2-1/2

[Event "Ceske sachove vanoce 2009"]
[Site "Litomysl (CZE)"]
[Date "2009.12.28"]
[Round "3.3"]
[White "Tazbir, Marcin"]
[Black "Vavra, Pavel"]
[Result "1/2-1/2"]
[WhiteElo "2497"]
[BlackElo "2351"]
[PlyCount "34"]
[EventDate "2009.12.26"]

1. e4 c6 2. Nc3 d5 3. f4 dxe4 4. Nxe4 Nf6 5. Nf2 g6 6. g3 Bg7 7. Bg2 O-O 8. Nf3
c5 9. O-O Nc6 10. Re1 Ng4 11. Nxg4 Bxg4 12. h3 Be6 13. d3 Bd5 14. c3 Qd6 15.
Be3 Rfe8 16. Qd2 Rad8 17. Qf2 b6 1/2-1/2

[Event "Ceske sachove vanoce 2009"]
[Site "Litomysl (CZE)"]
[Date "2009.12.28"]
[Round "3.4"]
[White "Bures, Jaroslav"]
[Black "Petr, Martin"]
[Result "0-1"]
[WhiteElo "2300"]
[BlackElo "2495"]
[PlyCount "80"]
[EventDate "2009.12.26"]

1. e4 c5 2. Nf3 d6 3. d4 cxd4 4. Nxd4 Nf6 5. Nc3 a6 6. Be2 e6 7. a4 Be7 8. a5
Nc6 9. Nb3 b6 10. axb6 Qxb6 11. Be3 Qc7 12. O-O O-O 13. Ra4 Nd7 14. Nb5 Qb8 15.
N5d4 Bb7 16. f3 Nxd4 17. Bxd4 d5 18. exd5 Bxd5 19. Rxa6 Rxa6 20. Bxa6 Bxb3 21.
cxb3 Rd8 22. Qe2 Nc5 23. Bxc5 Bxc5+ 24. Kh1 Qxb3 25. Bc4 Qb4 26. b3 Rd2 27. Qe5
Bd6 28. Qa1 Qc5 29. Qa8+ Bf8 30. Qa1 Qg5 31. Rg1 g6 32. Qa8 h5 33. Qe4 Bd6 34.
g3 h4 35. f4 hxg3 36. Rxg3 Qh6 37. h3 Bxf4 38. Rd3 Rh2+ 39. Kg1 Qg5+ 40. Kf1
Bg3 0-1

[Event "Ceske sachove vanoce 2009"]
[Site "Litomysl (CZE)"]
[Date "2009.12.28"]
[Round "3.5"]
[White "Stupak, Kirill"]
[Black "Heinzel, Olaf"]
[Result "1-0"]
[WhiteElo "2456"]
[BlackElo "2332"]
[PlyCount "75"]
[EventDate "2009.12.26"]

1. d4 Nf6 2. g3 c5 3. Nf3 e6 4. Bg2 cxd4 5. O-O Nc6 6. Nxd4 d5 7. c4 Bc5 8. Nb3
Be7 9. Nc3 dxc4 10. Qxd8+ Bxd8 11. Nd2 Na5 12. Nb5 O-O 13. Nd6 Bc7 14. N2xc4
Nxc4 15. Nxc4 Rb8 16. Be3 b6 17. Rac1 Bb7 18. Rc2 Bxg2 19. Kxg2 Nd5 20. Bd2 b5
21. Ne3 Nxe3+ 22. Bxe3 Bb6 23. Bxb6 Rxb6 24. Rc7 a6 25. Rd1 g6 26. e4 e5 27. g4
h6 28. h4 Rf6 29. f3 g5 30. hxg5 hxg5 31. Re7 Rc8 32. Rxe5 Rc2+ 33. Kg3 Rxb2
34. Rxg5+ Kf8 35. Rd8+ Ke7 36. Rgg8 Rc6 37. g5 f6 38. Rge8+ 1-0

[Event "Ceske sachove vanoce 2009"]
[Site "Litomysl (CZE)"]
[Date "2009.12.28"]
[Round "3.7"]
[White "Konstacky, Matej"]
[Black "Biolek, Richard"]
[Result "1/2-1/2"]
[WhiteElo "2117"]
[BlackElo "2385"]
[PlyCount "82"]
[EventDate "2009.12.26"]

1. e4 e5 2. Nf3 Nc6 3. Bb5 Bc5 4. c3 f5 5. exf5 e4 6. d4 exf3 7. dxc5 Qe7+ 8.
Be3 fxg2 9. Rg1 Nf6 10. Na3 O-O 11. Qf3 Ne5 12. Qxg2 d5 13. cxd6 cxd6 14. O-O-O
Bxf5 15. Bg5 Rac8 16. f4 Ng6 17. Rge1 Qf7 18. Qf1 d5 19. Ba4 a6 20. Bb3 Kh8 21.
Bxf6 Qxf6 22. Rxd5 b5 23. Nc2 Bxc2 24. Bxc2 Nxf4 25. Rd4 Qh6 26. Rd2 b4 27.
cxb4 Nd5 28. Qe2 Nxb4 29. Kb1 Nxc2 30. Rxc2 Qg6 31. Rec1 Rfe8 32. Qg2 Qd3 33.
Qd2 Qe4 34. Qg2 Qd3 35. Qd2 Qg6 36. Qg2 Qd3 37. Qd2 Qe4 38. Qg2 Rxc2 39. Qxc2
h5 40. a4 g5 41. Qxe4 Rxe4 1/2-1/2

[Event "Ceske sachove vanoce 2009"]
[Site "Litomysl (CZE)"]
[Date "2009.12.28"]
[Round "3.8"]
[White "Seifert, Volker"]
[Black "Svoboda, Vaclav"]
[Result "1-0"]
[WhiteElo "2355"]
[BlackElo "2292"]
[PlyCount "59"]
[EventDate "2009.12.26"]

1. d4 Nf6 2. c4 e6 3. Nc3 Bb4 4. Qc2 O-O 5. a3 Bxc3+ 6. Qxc3 b6 7. Bg5 Bb7 8.
e3 d6 9. Ne2 Nbd7 10. Qd3 c5 11. Nc3 cxd4 12. Qxd4 h6 13. Bh4 Qb8 14. Rd1 d5
15. cxd5 Nxd5 16. Nxd5 Bxd5 17. Bb5 Nc5 18. O-O a6 19. Be2 Bb3 20. Rd2 e5 21.
Qg4 Be6 22. Qb4 Qb7 23. Rd6 Rab8 24. Bg3 a5 25. Qh4 Nd7 26. Rfd1 Rbc8 27. h3
Rc5 28. Bf3 Qc8 29. Bg4 Rc4 30. Rxe6 1-0

[Event "Ceske sachove vanoce 2009"]
[Site "Litomysl (CZE)"]
[Date "2009.12.28"]
[Round "3.10"]
[White "Skliba, Martin"]
[Black "Kanovsky, David"]
[Result "1-0"]
[WhiteElo "2281"]
[BlackElo "2471"]
[PlyCount "113"]
[EventDate "2009.12.26"]

1. d4 Nf6 2. c4 c5 3. d5 e6 4. Nc3 exd5 5. cxd5 d6 6. e4 g6 7. Nf3 Bg7 8. h3
O-O 9. Bd3 a6 10. a4 Nbd7 11. O-O Nh5 12. Re1 Ne5 13. Be2 Nxf3+ 14. Bxf3 Qh4
15. Bxh5 gxh5 16. Qd2 Be5 17. Qg5+ Qxg5 18. Bxg5 Bd7 19. a5 f6 20. Be3 Rae8 21.
f3 f5 22. Kh1 Kg7 23. Bf2 Kg6 24. Bg1 fxe4 25. Nxe4 Rf5 26. Rad1 c4 27. Bd4 Bf4
28. g3 Be5 29. Kg2 Ref8 30. f4 Bxf4 31. gxf4 Rxf4 32. Nxd6 Rf3 33. Nxc4 Bxh3+
34. Kh2 Kf5 35. Re3 Bg4 36. Rxf3+ Bxf3 37. Rd2 Rg8 38. d6 Ke6 39. Bb6 Bc6 40.
Re2+ Kd5 41. b3 Bb5 42. Re5+ Kc6 43. Rc5+ Kd7 44. Rc7+ Ke6 45. Re7+ Kf6 46.
Bd4+ Kf5 47. Ne3+ Kf4 48. Nd5+ Kg5 49. Rg7+ Rxg7 50. Bxg7 Kf5 51. Nb6 Ke6 52.
Bf8 h6 53. Kh3 Bc6 54. Kh4 Be8 55. b4 Bb5 56. Kxh5 Bc6 57. Kxh6 1-0

[Event "Ceske sachove vanoce 2009"]
[Site "Litomysl (CZE)"]
[Date "2009.12.28"]
[Round "3.11"]
[White "Fuchs, Judith"]
[Black "Kulhanek, Tomas"]
[Result "1-0"]
[WhiteElo "2188"]
[BlackElo "2441"]
[PlyCount "61"]
[EventDate "2009.12.26"]

1. e4 c5 2. Nf3 Nc6 3. d4 cxd4 4. Nxd4 g6 5. Nc3 Bg7 6. Be3 Nf6 7. Bc4 O-O 8.
Bb3 d6 9. f3 Bd7 10. Qd2 Nxd4 11. Bxd4 b5 12. a4 b4 13. Nd5 Nxd5 14. Bxg7 Kxg7
15. exd5 Qb6 16. O-O-O Rac8 17. Kb1 h5 18. h4 Rc7 19. Rde1 Bf5 20. g4 hxg4 21.
fxg4 Bxg4 22. h5 Bf5 23. hxg6 fxg6 24. Qg5 Qb7 25. a5 a6 26. Qh6+ Kf7 27. Qh7+
Ke8 28. Ba4+ Kd8 29. Qg7 Re8 30. Rh8 Bxc2+ 31. Bxc2 1-0

[Event "Ceske sachove vanoce 2009"]
[Site "Litomysl (CZE)"]
[Date "2009.12.28"]
[Round "3.12"]
[White "Manik, Mikulas"]
[Black "Pecha, Tomas"]
[Result "1-0"]
[WhiteElo "2435"]
[BlackElo "2236"]
[PlyCount "77"]
[EventDate "2009.12.26"]

1. e4 c5 2. Nf3 e6 3. d4 cxd4 4. Nxd4 a6 5. Bd3 Bc5 6. Nb3 Ba7 7. Qg4 Nf6 8.
Qg3 d6 9. Nc3 Nc6 10. O-O h5 11. Bg5 Ne5 12. Kh1 h4 13. Qh3 Neg4 14. f4 Qb6 15.
Nd1 Rh5 16. Nd2 e5 17. Qf3 h3 18. g3 Qc6 19. Bxf6 Nxf6 20. Ne3 Bxe3 21. Qxe3 b5
22. a4 b4 23. Nc4 Be6 24. Nb6 Rb8 25. a5 d5 26. exd5 Nxd5 27. Qf3 exf4 28. Qxh5
Ne3+ 29. Qf3 Rxb6 30. Qxc6+ Rxc6 31. Rxf4 Nxc2 32. Rc1 Nd4 33. Rxc6 Nxc6 34.
Bxa6 g5 35. Re4 Kd7 36. Bc4 Bf5 37. Re3 Nxa5 38. Bxf7 Nc6 39. Be8+ 1-0

[Event "Ceske sachove vanoce 2009"]
[Site "Litomysl (CZE)"]
[Date "2009.12.28"]
[Round "3.14"]
[White "Novak, Pavel"]
[Black "Olsarova, Karolina"]
[Result "1/2-1/2"]
[WhiteElo "2377"]
[BlackElo "2192"]
[PlyCount "35"]
[EventDate "2009.12.26"]

1. e4 e5 2. Nf3 Nc6 3. Nc3 Nf6 4. Bb5 Bb4 5. O-O O-O 6. d3 d6 7. Bg5 Bxc3 8.
bxc3 Qe7 9. Nd2 h6 10. Bh4 a6 11. Ba4 Nd8 12. Bb3 Ne6 13. Bxe6 Bxe6 14. d4 Rad8
15. Qe2 Bc8 16. Rfe1 g5 17. Bg3 Rfe8 18. Kh1 1/2-1/2

[Event "Ceske sachove vanoce 2009"]
[Site "Litomysl (CZE)"]
[Date "2009.12.28"]
[Round "3.16"]
[White "Cerveny, Martin"]
[Black "Pokorny, Petr"]
[Result "1-0"]
[WhiteElo "2353"]
[BlackElo "2191"]
[PlyCount "69"]
[EventDate "2009.12.26"]

1. d4 e6 2. c4 f5 3. g3 Nf6 4. Bg2 d5 5. Nh3 c6 6. O-O Be7 7. b3 Na6 8. a4 b6
9. Na3 Nb4 10. Nc2 O-O 11. Nxb4 Bxb4 12. Ba3 Qe7 13. Bxb4 Qxb4 14. Qc2 Ba6 15.
Rfc1 Qd6 16. e3 dxc4 17. bxc4 e5 18. c5 bxc5 19. dxe5 Qxe5 20. Qxc5 Qb2 21.
Qxc6 Rac8 22. Qe6+ Kh8 23. Rcb1 Bc4 24. Qxf5 Qc3 25. Rc1 Qb2 26. Qc2 Qe5 27.
Qc3 Qf5 28. Qd4 Rfd8 29. Qf4 Qe6 30. Ng5 Qg8 31. Bh3 Rc6 32. Be6 Rxe6 33. Qxc4
Re7 34. Qxg8+ Kxg8 35. Nf3 1-0

[Event "Ceske sachove vanoce 2009"]
[Site "Litomysl (CZE)"]
[Date "2009.12.28"]
[Round "3.18"]
[White "Volodin, Viktor"]
[Black "Ponizil, Cyril"]
[Result "1/2-1/2"]
[WhiteElo "2206"]
[BlackElo "2304"]
[PlyCount "170"]
[EventDate "2009.12.26"]

1. Nf3 c5 2. c4 Nf6 3. g3 b6 4. Bg2 Bb7 5. O-O e6 6. Nc3 Be7 7. Re1 Ne4 8. Nxe4
Bxe4 9. d3 Bb7 10. e4 Nc6 11. d4 cxd4 12. Nxd4 Nxd4 13. Qxd4 O-O 14. Bf4 d6 15.
Qd2 Qc8 16. Rac1 Rd8 17. Bg5 Bxg5 18. Qxg5 Qc5 19. Qd2 Rac8 20. b3 h6 21. Rcd1
Kf8 22. Rc1 Qg5 23. Red1 Qxd2 24. Rxd2 b5 25. Rdc2 b4 26. a3 bxa3 27. Ra2 Bc6
28. Rxa3 Rb8 29. Rd1 e5 30. Ra6 Rb6 31. Rxa7 Rxb3 32. c5 Rb4 33. cxd6 Bxe4 34.
Bxe4 Rxe4 35. Rc1 Kg8 36. Rcc7 Rxd6 37. Rxf7 Rg4 38. Rfe7 Rd5 39. h3 Rg6 40. h4
h5 41. Ra8+ Kh7 42. Rf8 e4 43. Rxe4 Rf6 44. Rxf6 gxf6 45. Re7+ Kg6 46. Kg2 Ra5
47. Kf3 Rf5+ 48. Ke3 Ra5 49. Re4 Kf5 50. Rf4+ Kg6 51. Rb4 Re5+ 52. Kf3 Rf5+ 53.
Kg2 Ra5 54. Rf4 Rb5 55. Kh3 Rb3 56. Rc4 Rf3 57. Kg2 Ra3 58. Re4 Ra5 59. Re3 Rb5
60. f3 Rb4 61. Ra3 Rb2+ 62. Kh3 Rb1 63. Ra2 Rb3 64. Kg2 Rb4 65. Re2 Kf5 66. Rc2
Kg6 67. Rc3 Ra4 68. Kh3 Ra1 69. Rc4 Ra3 70. Rf4 Rb3 71. g4 hxg4+ 72. Rxg4+ Kf7
73. Kg3 Rb7 74. Kh3 Rb3 75. Rg3 Rb5 76. Kg4 Kg6 77. Kf4+ Kf7 78. Rh3 Rb4+ 79.
Kg3 Kg6 80. h5+ Kh6 81. Rh4 Rb1 82. Rf4 Kxh5 83. Rxf6 Kg5 84. Rd6 Rb3 85. Kf2
Kf4 1/2-1/2

[Event "Ceske sachove vanoce 2009"]
[Site "Litomysl (CZE)"]
[Date "2009.12.28"]
[Round "3.19"]
[White "Vrana, Jan"]
[Black "Hellwig, Tobias"]
[Result "1-0"]
[WhiteElo "2298"]
[BlackElo "2114"]
[PlyCount "51"]
[EventDate "2009.12.26"]

1. e4 Nf6 2. Nc3 d5 3. e5 d4 4. exf6 dxc3 5. fxg7 cxd2+ 6. Qxd2 Qxd2+ 7. Bxd2
Bxg7 8. O-O-O Be6 9. Nf3 Nd7 10. Be3 Bg4 11. Be2 a6 12. Rhe1 O-O-O 13. Ng5 Bxe2
14. Rxe2 Rdf8 15. f4 h6 16. Nf3 Rd8 17. Bf2 e6 18. Bh4 Bf6 19. Rxd7 Rxd7 20.
Bxf6 Rg8 21. Ne5 Rd5 22. g3 h5 23. c4 Ra5 24. b3 Re8 25. Kb2 b5 26. Rd2 1-0

[Event "Ceske sachove vanoce 2009"]
[Site "Litomysl (CZE)"]
[Date "2009.12.28"]
[Round "3.20"]
[White "Cizinsky, Petr"]
[Black "Mojzis, Jaroslav"]
[Result "1-0"]
[WhiteElo "2062"]
[BlackElo "2266"]
[PlyCount "69"]
[EventDate "2009.12.26"]

1. e4 c5 2. Nc3 d6 3. Nf3 Nf6 4. d4 cxd4 5. Nxd4 a6 6. Bg5 e6 7. f4 Be7 8. Qf3
Qc7 9. O-O-O Nbd7 10. g4 h6 11. Bxf6 gxf6 12. f5 Ne5 13. Qh3 Bf8 14. Qh5 Kd8
15. g5 fxg5 16. Bh3 Qe7 17. Rhf1 g4 18. f6 Qc7 19. Qxe5 Bd7 20. Qh5 gxh3 21.
Qxf7 Qc8 22. e5 Kc7 23. Nxe6+ Kb8 24. Nxf8 Rxf8 25. Qe7 Be6 26. exd6 Bd7 27. f7
Ka7 28. Nd5 Qc6 29. Nf6 Rac8 30. c3 Rcd8 31. Nh7 Qa4 32. Nxf8 Qxa2 33. Nxd7
Qa1+ 34. Kc2 Qa4+ 35. Kb1 1-0

[Event "Ceske sachove vanoce 2009"]
[Site "Litomysl (CZE)"]
[Date "2009.12.28"]
[Round "4.2"]
[White "Petr, Martin"]
[Black "Seifert, Volker"]
[Result "1-0"]
[WhiteElo "2495"]
[BlackElo "2355"]
[PlyCount "91"]
[EventDate "2009.12.26"]

1. e4 e6 2. d4 d5 3. Nd2 h6 4. Ngf3 Nf6 5. Bd3 c5 6. c3 Nc6 7. O-O cxd4 8. cxd4
dxe4 9. Nxe4 Be7 10. a3 O-O 11. Bc2 Nxe4 12. Bxe4 f5 13. Bxc6 bxc6 14. Qc2 Qd5
15. Re1 Bd6 16. Bd2 a5 17. Bc3 Bb7 18. b4 Rf6 19. Qe2 Rg6 20. Kh1 Ba6 21. Qe3
Bc4 22. bxa5 Rg4 23. Bb4 Bc7 24. h3 Re4 25. Qc3 e5 26. Rxe4 fxe4 27. Nxe5 Bxe5
28. dxe5 c5 29. Rc1 cxb4 30. Qxc4 Qxc4 31. Rxc4 Rxa5 32. axb4 Rxe5 33. Rc5 Re6
34. Rc3 Rb6 35. Rb3 Rb5 36. Kg1 Kf7 37. Kf1 Ke6 38. Ke2 Kd5 39. Ke3 Kc4 40. Rb1
Kc3 41. Rc1+ Kb3 42. Kxe4 Rxb4+ 43. Kf3 Rd4 44. Rc7 g5 45. Rc6 h5 46. Rc5 1-0

[Event "Ceske sachove vanoce 2009"]
[Site "Litomysl (CZE)"]
[Date "2009.12.28"]
[Round "4.3"]
[White "Simacek, Pavel"]
[Black "Cerveny, Martin"]
[Result "1-0"]
[WhiteElo "2513"]
[BlackElo "2353"]
[PlyCount "111"]
[EventDate "2009.12.26"]

1. e4 c5 2. Nf3 d6 3. d4 cxd4 4. Nxd4 Nf6 5. Nc3 a6 6. Bg5 e6 7. f4 Qc7 8. Bxf6
gxf6 9. Qd2 Nc6 10. O-O-O Bd7 11. Kb1 O-O-O 12. Bc4 Kb8 13. Nxc6+ Qxc6 14. Bb3
Be7 15. Rhe1 Qc5 16. f5 h5 17. Ne2 Qe5 18. Nd4 h4 19. Bd5 Qxh2 20. fxe6 fxe6
21. Nxe6 Bxe6 22. Bxe6 Rh5 23. Rh1 Qe5 24. Bd5 Rd7 25. Rh3 f5 26. Rb3 fxe4 27.
Qe2 Bf6 28. Qxa6 Qxd5 29. Rxd5 Rxd5 30. a3 Rd1+ 31. Ka2 Rd2 32. Qb5 Rg7 33.
Qe8+ Ka7 34. Qxe4 Rdxg2 35. c3 h3 36. Qe3+ Kb8 37. Qxh3 Be5 38. Qf3 Rh2 39.
Qf8+ Ka7 40. Qd8 Rhh7 41. Rb4 Rc7 42. Ra4+ Kb6 43. Kb3 Rhd7 44. Qa8 Rc5 45.
Rb4+ Kc6 46. Qa4+ b5 47. Qa6+ Kc7 48. Ka2 d5 49. a4 d4 50. axb5 dxc3 51. b6+
Kd8 52. b7 Ke7 53. Re4 Rd2 54. b8=Q Rxb2+ 55. Qxb2 cxb2 56. Qa3 1-0

[Event "Ceske sachove vanoce 2009"]
[Site "Litomysl (CZE)"]
[Date "2009.12.28"]
[Round "4.4"]
[White "Sabol, Marian"]
[Black "Tazbir, Marcin"]
[Result "0-1"]
[WhiteElo "2343"]
[BlackElo "2497"]
[PlyCount "88"]
[EventDate "2009.12.26"]

1. d4 g6 2. Nf3 Bg7 3. g3 f5 4. Bg2 Nf6 5. O-O O-O 6. c4 d6 7. Nc3 Nc6 8. d5
Na5 9. Qd3 c5 10. b3 Rb8 11. Bb2 a6 12. Ng5 Qe8 13. Ne6 Bxe6 14. dxe6 Nc6 15.
Qd2 Nd4 16. e4 Nxe4 17. Nxe4 fxe4 18. Bxe4 Nf3+ 19. Bxf3 Bxb2 20. Qxb2 Rxf3 21.
Qd2 Qf8 22. Rae1 Qf5 23. Re3 Rf8 24. Rxf3 Qxf3 25. Re1 Rf6 26. Re3 Qf5 27. Qe2
Kg7 28. Kg2 g5 29. Re4 h5 30. h3 Qg6 31. Re3 Kg8 32. Re4 Kf8 33. h4 g4 34. Rf4
Rxf4 35. gxf4 Kg7 36. Kg3 Kf6 37. Qd2 Qb1 38. Kg2 Qe4+ 39. Kg1 Kxe6 40. f5+
Qxf5 41. Qh6+ Kd7 42. Qh8 Kc7 43. a4 Qe5 44. Qg8 Qf6 0-1

[Event "Ceske sachove vanoce 2009"]
[Site "Litomysl (CZE)"]
[Date "2009.12.28"]
[Round "4.7"]
[White "Bulski, Krzysztof"]
[Black "Skliba, Martin"]
[Result "1/2-1/2"]
[WhiteElo "2416"]
[BlackElo "2281"]
[PlyCount "62"]
[EventDate "2009.12.26"]

1. e4 c5 2. Nf3 e6 3. d4 cxd4 4. Nxd4 a6 5. Bd3 Bc5 6. Nb3 Be7 7. Be3 Nc6 8.
N1d2 Nf6 9. f4 d5 10. e5 d4 11. Nxd4 Nxd4 12. exf6 Bxf6 13. Ne4 Nf5 14. Bc5 Be7
15. Bxe7 Qxe7 16. Qe2 O-O 17. O-O-O Bd7 18. g4 Nh4 19. g5 Ng6 20. Qg4 Bb5 21.
h4 Bxd3 22. Rxd3 Qc7 23. Rf1 Rfd8 24. Rc3 Qa5 25. a3 Qd5 26. f5 exf5 27. Qxf5
Qxf5 28. Rxf5 Nxh4 29. Rfc5 Ng6 30. Rc7 Nf4 31. Rf3 Ne2+ 1/2-1/2

[Event "Ceske sachove vanoce 2009"]
[Site "Litomysl (CZE)"]
[Date "2009.12.28"]
[Round "4.9"]
[White "Hoffmann, Paul"]
[Black "Konstacky, Matej"]
[Result "1-0"]
[WhiteElo "2355"]
[BlackElo "2117"]
[PlyCount "97"]
[EventDate "2009.12.26"]

1. e4 d6 2. d4 g6 3. Nf3 Nf6 4. Nc3 c6 5. a4 Bg7 6. h3 O-O 7. Be3 Qa5 8. Nd2
Nbd7 9. Nc4 Qc7 10. Be2 d5 11. exd5 Nxd5 12. Nxd5 cxd5 13. Na3 a6 14. O-O Nf6
15. Bf3 Be6 16. Re1 Rac8 17. Qd2 Rfd8 18. Bf4 Qb6 19. c3 Bf8 20. b4 Bf5 21. a5
Qc6 22. c4 Be4 23. b5 Qd7 24. Bxe4 Nxe4 25. Qe3 Nd6 26. bxa6 bxa6 27. c5 Nf5
28. Qd3 Qa4 29. Nc2 Qc4 30. Rad1 Bg7 31. g4 Nxd4 32. Nxd4 Qxc5 33. Be5 Bxe5 34.
Rxe5 Qxa5 35. Rxe7 Rc3 36. Qe2 Qa4 37. Kg2 Rc4 38. Nf3 d4 39. Rxf7 Re8 40. Re7
Rxe7 41. Qxe7 Qxd1 42. Qe6+ Kg7 43. Qxc4 d3 44. Qxa6 Qc2 45. Qa7+ Kg8 46. Qb8+
Kg7 47. Qb7+ Kg8 48. Qd5+ Kg7 49. g5 1-0

[Event "Ceske sachove vanoce 2009"]
[Site "Litomysl (CZE)"]
[Date "2009.12.28"]
[Round "4.10"]
[White "Pilch, Roman"]
[Black "Plat, Vojtech"]
[Result "0-1"]
[WhiteElo "2170"]
[BlackElo "2388"]
[PlyCount "126"]
[EventDate "2009.12.26"]

1. Nf3 g6 2. d4 Bg7 3. Bf4 c5 4. c3 cxd4 5. cxd4 d6 6. e3 Nf6 7. Be2 O-O 8. O-O
Nbd7 9. Nc3 Nb6 10. Qd2 Be6 11. b3 Rc8 12. Rfc1 Bd7 13. h3 Bc6 14. Bh2 Re8 15.
a4 Qd7 16. Bb5 h6 17. e4 Bxb5 18. axb5 Qe6 19. e5 dxe5 20. Bxe5 Qxb3 21. Rxa7
Nfd5 22. Nxd5 Qxd5 23. Rxc8 Nxc8 24. Ra2 Qxb5 25. Rb2 Qc6 26. Qb4 b6 27. Qb3 e6
28. Rc2 Qd7 29. Rc7 Qd8 30. Qc4 Ne7 31. Bxg7 Kxg7 32. Ne5 Qd6 33. Qc3 Rd8 34.
Qf3 Rf8 35. Rd7 Qb4 36. g4 Kg8 37. Kg2 Nd5 38. Rxf7 g5 39. Rxf8+ Qxf8 40. Qxf8+
Kxf8 41. h4 gxh4 42. Kh3 b5 43. Kxh4 b4 44. g5 b3 45. Nc4 hxg5+ 46. Kxg5 Ke7
47. f4 Ne3 48. Nb2 Kd6 49. Kf6 Kd5 50. Ke7 Nf5+ 51. Kf6 Nxd4 52. Na4 Ne2 53.
Kg5 Kd4 54. Nb2 Ke4 55. Nc4 Kd3 56. Nb2+ Kd4 57. Kg4 Nc3 58. Kf3 Nd5 59. Na4
Nb6 60. Nb2 Kc3 61. Nd1+ Kd2 62. Nf2 b2 63. Ne4+ Kc2 0-1